Niektoré výkladové problémy náhrady škody v obchodnom práve z aspektu práva SR a ČR

Zodpovednosť členov štatutárnych orgánov kapitálových obchodných spoločností a družstva. Porovnanie všeobecnej a osobitnej obchodnoprávnej zodpovednosti za škodu. Rozsudok veľkého senátu Najvyššieho súdu ČR zo dňa 15.10.2008, sp. zn. 31 Odo 11/2006 z pohľadu zodpovednosti za škodu štatutárnych orgán...

Descrizione completa

Salvato in:
Dettagli Bibliografici
Autore principale: Chochúlová, Lenka, 1983-
Natura: Capitolo di libro
Lingua:slovacco
Soggetti:
Tags: Aggiungi Tag
Nessun Tag, puoi essere il primo ad aggiungerne!!

MARC

LEADER 00000naa$a2200000$$$4500
001 0112675
005 20240502083300.0
041 0 |a slo 
044 |a CZ 
245 1 0 |a Niektoré výkladové problémy náhrady škody v obchodnom práve z aspektu práva SR a ČR  |c Lenka Chochúlová 
520 |a Zodpovednosť členov štatutárnych orgánov kapitálových obchodných spoločností a družstva. Porovnanie všeobecnej a osobitnej obchodnoprávnej zodpovednosti za škodu. Rozsudok veľkého senátu Najvyššieho súdu ČR zo dňa 15.10.2008, sp. zn. 31 Odo 11/2006 z pohľadu zodpovednosti za škodu štatutárnych orgánov. 
610 2 0 |a právo obchodné 
610 2 0 |a spoločnosti kapitálové 
610 2 0 |a spoločnosti akciové 
610 2 0 |a spoločnosti s r.o. 
610 2 0 |a družstvá 
610 2 0 |a konatelia 
610 2 0 |a orgány štatutárne 
610 2 0 |a zodpovednosť za škody 
610 2 0 |a súdy 
610 2 0 |a Slovensko 
610 2 0 |a Česko 
100 1 |a Chochúlová, Lenka, 1983-